Countries Closest to Cyprus - Statistics

General Stats
  • This quiz has been taken 54,862 times
    53,626 since last reset
  • The average score is 16 of 20
Answer Stats
km country miles % Correct
76 Turkey 47
98%
264 Greece 164
97%
228 Israel 142
94%
352 Egypt 219
92%
103 Syria 64
89%
170 Lebanon 105
88%
291 Jordan 181
86%
463 Iraq 288
85%
471 Saudi Arabia 293
84%
893 Iran 555
83%
756 Libya 470
81%
1158 Albania 720
77%
846 Bulgaria 526
77%
887 Georgia 551
77%
935 Armenia 581
76%
1079 Azerbaijan 670
74%
1070 North Macedonia 665
74%
0 United Kingdom 0
70%
999 Romania 621
67%
970 Russia 603
67%
No matching quizzes found
Score Distribution
Percent of People with Each Score
Percentile by Number Answered
Your Score History
You have not taken this quiz since the last reset